000 00483nmm a2200169Ia 4500
008 251105s9999||||xx |||||||||||||||||und||
020 _a9789681666811
041 _aspa
100 _aAltshuler, José
245 2 _aA propósito de Galileo
264 _a[México D.C., Mexico] :
_bFondo de Cultura Económica,
_c2013
300 _a153 páginas
490 _aLa Ciencia para Todos
650 _aSciences
856 _uhttps://public.digitaliapublishing.com/a/42922
942 _cCF
999 _c96933
_d96933